000 00789nas a2200253 4500
001 BR9503673
003 BR-BrBNA
005 20231205094053.0
007 ta
008 230509b bl.|||p| |||| 00| 00por d
040 _aBR-BrBNA
_bpor
_cBiblioteca Nacional de Agricultura
041 _a(Pt)
072 _aL50
100 1 _aBatista Junior, J.A.
100 1 _aSilva, E.
245 1 _aTeores de iodo proteico (PBI)no soro sanguineo de cavalos puro-sangue ingles de corridas
650 _aCavalo
650 _aPuro Sangue Ingles
650 _aSangue
650 _aProteina
773 0 _tArquivos da Escola de Veterinaria da Universidade Federal de Minas Gerais (Brazil)
_x
_g(1967), v. 19 p. 173-176
_wBR9503673
909 _a202311
_bLúcia
_c55
_dLúcia Elande
942 _2AGRIS
_n0
_cANA
999 _c141898
_d141898